| 000 | 00431nam a2200181Ia 4500 | ||
|---|---|---|---|
| 001 | 16863 | ||
| 005 | 20260306170342.0 | ||
| 008 | 260306t2015||||xx |||||||||||||| ||und|| | ||
| 041 | _aESP | ||
| 082 |
_a657.2 _bC32 |
||
| 100 |
_aCastillo Calderón, Pedro _eAUT |
||
| 245 | 0 | _aLibros y registros contables | |
| 260 | _c2015 | ||
| 300 |
_a254 páginas : _c24 cm. |
||
| 650 | _aGEN | ||
| 654 | _aCCO | ||
| 942 |
_cLIB _dJUS _fJUS _2ddc _n |
||
| 999 |
_c16863 _d16863 |
||